000 00830nam a22002657a 4500
003 URS
005 20240716193255.0
008 240606t2018 usa||||| |||| 00| 0 eng d
020 _a9781633692688
040 _aDLC
_beng
_cDLC
_dDLC
_dURS
_erda
082 _a658.4012
_bG9592 2018
100 _aGupta, Sunil
245 _aDriving Digital Strategy:
_bA Guide to Reimagining Your Business/
_cSunil Gupta
264 _aUnited State of America
_bHarvard Business Review Press
_c2018
300 _aviii, 267 pages;
_c24 cm.
336 _2rdacontent
_atext
_btxt
337 _2rdamedia
_aunmediated
_bn
338 _2rdacarrier
_avolume
_bnc
504 _aIncludes index.
650 _aDigital transformation
650 _aBusiness strategy
650 _aInformation technology
_xManagement
650 _aInnovation
942 _2ddc
_cFR
999 _c80542
_d80541